=LDR 00000nam 2200000 4500 =001 INLIS000000000056698 =005 20201203095827 =035 ##$$a 0010-0920000329 =008 201203################g##########0#ind## =041 ##$$a Ind =082 ##$$a 306.095 986 1 =090 ##$$a 306.095 986 1, Per p =245 ##$$a Peranan media massa lokal bagi pembinaan dan pengembangan kebudayaan daerah di Sulawesi Utara /$c Drs. A. Walukow =260 ##$$a Manado :$b Depdikbud,$c 1998 =300 ##$$a viii, 112 hlm. : $b ilus. ; $c 15,5x23 cm =650 #4$$a Media Massa - Sulawesi Utara =710 #$$a Walukow, A. =850 ##$$a NBPNMAT =084 ##$$a 306.095 986 1 PER =990 ##$$a 137.851 hd.98 =990 ##$$a 137.853/hd-98